| 000 | 00618cam a22002171 4500 | ||
|---|---|---|---|
| 001 | sa 66004555 | ||
| 003 | DLC | ||
| 005 | 20260227112243.0 | ||
| 008 | 930428s1964 ii a b 000 0 eng | ||
| 010 | _asa 66004555 | ||
| 035 | _a(OCoLC)27994358 | ||
| 040 |
_aDLC _cNcD _dNSyU _dDLC |
||
| 042 | _apremarc | ||
| 050 | 0 | 0 |
_aHD9506.I42 _bA532 |
| 110 | 2 | _aIndian Bureau of Mines. | |
| 245 | 1 | 0 | _aIndex number of mineral prices in India, 1953 to 1962. |
| 260 |
_aNagpur, _bn.p. _c1964. |
||
| 300 |
_aiii, 133 p. _billus. _c24 cm. |
||
| 504 | _aBibliography: p. 132-133. | ||
| 650 | 0 |
_aMines and mineral resources _zIndia. |
|
| 999 |
_c69490 _d69490 |
||